00726nam a2200205 i 450000100060000000300090000600500170001500700030003200800410003510000400007624500770011625000290019326000680022230000220029049000210031283000290033385200210036299900170038395201200040065654ES-MaACL20230906165432.0t|040120s1928 gw ||||1| ger d1 aFrobenius, Leo (d1873-1938)95270914aDas sterbende Afrika b: die secle eines erdteils / cvon Leo Frobenius. a1. vollstèandige ausg. aFrankfurt am Main : bFrankfurter Societats Druckerci, c[1928] a502 p. ; c16 cm.1 aErlebte erdteile0 aErlebte erdteile9230755 aES-MaACLjA-3216 c65654d65654 00104070aATENEOMbATENEOMcSPP1d2008-01-17eSCl0oA-3216p1068783r2023-02-23 00:00:00w2023-02-23yMONOGRAFIA